[Event "Titled Tue 3rd Jun Early"]
[Site "chess.com INT"]
[Date "2025.06.03"]
[Round "7"]
[White "Daianu, Cristian-Clement"]
[Black "Rentsen, Erdenetulga"]
[Result "0-1"]
[WhiteTitle "FM"]
[WhiteElo "2205"]
[BlackElo "2182"]
[WhiteFideId "1208926"]
[BlackFideId "4901320"]
[EventDate "2025.06.03"]

1. e4 e5 2. Nc3 Nc6 3. Bc4 Nf6 4. d3 Na5 5. Nf3 Nxc4 6. dxc4 Bb4 7. Qd3 d6 8.
Bd2 Be6 9. Nd5 Bxd2+ 10. Nxd2 O-O 11. O-O Nd7 12. a4 a5 13. c3 f5 14. b4 fxe4
15. Nxe4 Bf5 16. Ne3 Bg6 17. Qd5+ Kh8 18. Ng3 Nf6 19. Qxb7 Rb8 20. Qc6 axb4 21.
cxb4 Rb6 22. Qxb6 cxb6 23. a5 bxa5 24. bxa5 Qc7 25. a6 Ra8 26. Rfc1 Be8 27. Ngf5
Bc6 28. c5 d5 29. Nd6 h6 30. Nef5 g6 31. Nh4 Kg7 32. Nf3 Qe7 33. Re1 Ne4 34. h3
Nxc5 0-1

[Event "Titled Tue 3rd Jun Early"]
[Site "chess.com INT"]
[Date "2025.06.03"]
[Round "7"]
[White "Marynychenko, Yehor"]
[Black "Hungaski, Robert"]
[Result "0-1"]
[WhiteTitle "CM"]
[BlackTitle "GM"]
[WhiteElo "2183"]
[BlackElo "2477"]
[WhiteFideId "34160558"]
[BlackFideId "2021030"]
[EventDate "2025.06.03"]

1. e4 e6 2. d4 d5 3. Nd2 Nf6 4. e5 Nfd7 5. f4 c5 6. c3 Nc6 7. Ndf3 Qb6 8. g3 a5
9. Ne2 a4 10. Kf2 cxd4 11. cxd4 a3 12. bxa3 Bxa3 13. Bxa3 Rxa3 14. Kg2 O-O 15.
f5 exf5 16. Nf4 Qa5 17. Bd3 Nb6 18. Qe2 Be6 19. Rhb1 Nb4 20. Bb5 Rc8 21. Rb2 h6
22. h4 Rcc3 23. Rf1 Re3 24. Qd2 Nxa2 25. Qxa5 Rxa5 26. Bd3 Nc4 27. Rxb7 Rxd3 28.
Nxd3 Ne3+ 29. Kf2 Nxf1 30. Kxf1 Nc3 31. Nc5 Ra1+ 32. Kf2 Ne4+ 33. Ke3 Nxg3 34.
Nxe6 fxe6 35. Re7 Ra3+ 36. Kf2 Ne4+ 37. Ke2 Ra6 38. h5 Ng3+ 39. Ke3 Nxh5 40. Nh4
Kh7 41. Nf3 Ra3+ 42. Kf2 Ra2+ 43. Ke3 f4+ 44. Kd3 Ra3+ 45. Ke2 Ng3+ 46. Kf2 Ne4+
47. Ke2 Re3+ 48. Kd1 Rxf3 49. Rxe6 Rd3+ 50. Ke2 Rxd4 51. Re8 Ng5 52. e6 Re4+ 53.
Kd3 Rxe6 54. Rd8 f3 55. Rf8 Rf6 56. Rxf6 gxf6 0-1

[Event "Titled Tue 3rd Jun Early"]
[Site "chess.com INT"]
[Date "2025.06.03"]
[Round "7"]
[White "Mikhalsky, Vladimir"]
[Black "Tursunalieva, Nurelina"]
[Result "0-1"]
[BlackTitle "WCM"]
[WhiteElo "2219"]
[BlackElo "1810"]
[WhiteFideId "14144352"]
[BlackFideId "13817329"]
[EventDate "2025.06.03"]

1. d4 Nf6 2. c4 g6 3. f3 d6 4. e4 Bg7 5. Nc3 O-O 6. Be3 e5 7. Nge2 exd4 8. Nxd4
Nc6 9. Qd2 Nxd4 10. Bxd4 Be6 11. Be2 a6 12. g4 Qe7 13. h4 c5 14. Be3 Nd7 15. h5
Ne5 16. Nd5 Bxd5 17. Qxd5 b5 18. Kf2 bxc4 19. Bxc4 Nxc4 20. Qxc4 Bxb2 21. Rab1
Rab8 22. hxg6 hxg6 23. f4 Bg7 24. Kf3 Rxb1 25. Rxb1 Qh4 26. Bf2 Qh3+ 27. Bg3 g5
28. Qf1 Qxf1+ 29. Rxf1 gxf4 30. Bxf4 Rd8 31. Rd1 Bd4 32. Be3 Bxe3 33. Kxe3 Kf8
34. Kf4 Ke7 35. Rb1 Rd7 36. Rb6 Ra7 37. Kf5 Kd7 38. Kf6 Kc7 39. Rb2 Kc6 40. a4
c4 41. a5 Kc5 42. Rd2 c3 43. Rd5+ Kc4 44. Rxd6 c2 45. Rc6+ Kb3 46. e5 Kb2 47. g5
c1=Q 48. Rxc1 Kxc1 49. g6 fxg6 50. Kxg6 Kb2 51. e6 Kb3 52. Kf6 Kb4 53. e7 Rxe7
54. Kxe7 Kxa5 55. Ke6 Kb4 56. Ke5 a5 57. Kd4 a4 58. Kd3 Kb3 59. Kd2 Kb2 60. Kd3
a3 61. Kc4 a2 62. Kb4 a1=Q 0-1

[Event "Titled Tue 3rd Jun Early"]
[Site "chess.com INT"]
[Date "2025.06.03"]
[Round "7"]
[White "Zhakshylykov, Erzhan"]
[Black "Gbiorczyk, Mikolaj"]
[Result "1-0"]
[WhiteTitle "IM"]
[BlackTitle "CM"]
[WhiteElo "2362"]
[BlackElo "2191"]
[WhiteFideId "13804111"]
[BlackFideId "21080763"]
[EventDate "2025.06.03"]

1. d4 f5 2. Bf4 Nf6 3. e3 g6 4. h4 h6 5. Nf3 d6 6. c4 Bg7 7. Nc3 O-O 8. Qc2 e6
9. Be2 Qe7 10. O-O-O Nc6 11. Bh2 e5 12. Nd5 Qf7 13. dxe5 dxe5 14. Nxe5 Nxe5 15.
Bxe5 Nxd5 16. Rxd5 Be6 17. Rc5 c6 18. Qc3 Bxe5 19. Rxe5 Rad8 20. f4 h5 21. g3 b5
22. Rc5 Qe7 23. Rxc6 b4 24. Qe5 Rfe8 25. Rd1 Rxd1+ 26. Bxd1 Qd7 27. Rd6 Qf7 28.
Ba4 Re7 29. Rd8+ Kh7 30. Rh8# 1-0

[Event "Titled Tue 3rd Jun Early"]
[Site "chess.com INT"]
[Date "2025.06.03"]
[Round "7"]
[White "Hossain, Enamul"]
[Black "Azizoglu, Ferzan"]
[Result "1-0"]
[WhiteTitle "GM"]
[WhiteElo "2348"]
[BlackElo "2055"]
[WhiteFideId "10200649"]
[BlackFideId "6302726"]
[EventDate "2025.06.03"]

1. d4 Nf6 2. c4 g6 3. Nc3 Bg7 4. Nf3 d6 5. g3 O-O 6. Bg2 Nc6 7. O-O Bf5 8. Nh4
Bd7 9. e4 e5 10. dxe5 dxe5 11. h3 Nd4 12. Nf3 Nxf3+ 13. Qxf3 c6 14. c5 Qa5 15.
Be3 Be6 16. a3 b6 17. b4 Qa6 18. Rfd1 Nd7 19. cxb6 Nxb6 20. Bc5 Rfd8 21. a4
Rxd1+ 22. Rxd1 Qc4 23. Bf1 Qb3 24. a5 Nd7 25. Rb1 Qa3 26. Bd6 Bf8 27. Bxf8 Nxf8
28. Qe3 Rd8 29. Nd5 Qxe3 30. Nxe3 Rd4 31. f3 Nd7 32. b5 cxb5 33. Rxb5 Kf8 34.
Rb7 1-0

[Event "Titled Tue 3rd Jun Early"]
[Site "chess.com INT"]
[Date "2025.06.03"]
[Round "7"]
[White "Dicen, Elis Denele"]
[Black "Sickmann, Lisa"]
[Result "0-1"]
[WhiteTitle "WFM"]
[BlackTitle "WFM"]
[WhiteElo "2135"]
[BlackElo "1970"]
[WhiteFideId "462560"]
[BlackFideId "16267818"]
[EventDate "2025.06.03"]

1. e4 e5 2. Nf3 Nc6 3. d4 exd4 4. Nxd4 Nf6 5. Nxc6 bxc6 6. Nd2 Qe7 7. Bd3 d5 8.
O-O Bg4 9. f3 Be6 10. e5 Nd7 11. f4 g6 12. Nf3 Bg7 13. Be3 c5 14. Kh1 O-O 15.
Qe1 Nb6 16. Rd1 c4 17. Be2 c5 18. c3 Na4 19. Rd2 Rab8 20. Ng5 Nxb2 21. Qf2 Na4
22. Bf3 Rfd8 23. Rc1 Rb5 24. Bd1 Nxc3 25. Rxc3 d4 26. Bxd4 cxd4 27. Rxd4 Rb1 28.
Qd2 Rxd4 29. Qxd4 Qd7 30. Qxd7 Bxd7 31. h3 Rxd1+ 32. Kh2 Bb5 33. a4 Ba6 34. a5
Rd3 35. Rc2 c3 36. Ne4 Bb7 37. Nxc3 g5 38. g3 gxf4 39. gxf4 Bh6 40. Rg2+ Bxg2
41. Kxg2 Rxc3 0-1

[Event "Titled Tue 3rd Jun Early"]
[Site "chess.com INT"]
[Date "2025.06.03"]
[Round "7"]
[White "Brozynski, Patryk"]
[Black "Kholyavko, Mariya"]
[Result "1-0"]
[WhiteTitle "CM"]
[BlackTitle "WFM"]
[WhiteElo "2219"]
[BlackElo "2130"]
[WhiteFideId "2512700"]
[BlackFideId "13748505"]
[EventDate "2025.06.03"]

1. d4 Nf6 2. Nf3 b6 3. c4 Bb7 4. Nc3 g6 5. g3 Bg7 6. Bg2 d6 7. O-O O-O 8. Re1
Nbd7 9. b3 c5 10. Bb2 cxd4 11. Nxd4 Bxg2 12. Kxg2 Nc5 13. e4 a5 14. Nd5 Nxd5 15.
exd5 Qd7 16. Qe2 e6 17. dxe6 fxe6 18. Rad1 Rae8 19. Nb5 Qc6+ 20. Kg1 d5 21. Bxg7
Kxg7 22. Qe5+ Kg8 23. Rd4 Ne4 24. cxd5 Qxb5 25. Rdxe4 exd5 26. Qxe8 Rxe8 27.
Rxe8+ Kg7 28. R1e7+ Kf6 29. Re6+ Kf5 30. Re5+ Kg4 31. Rf8 Kh3 32. Rf4 g5 33.
Rxg5 Qe2 34. Rh4# 1-0

[Event "Titled Tue 3rd Jun Early"]
[Site "chess.com INT"]
[Date "2025.06.03"]
[Round "7"]
[White "Belov, Alexei"]
[Black "Winkels, Marcel"]
[Result "1-0"]
[WhiteTitle "IM"]
[BlackTitle "CM"]
[WhiteElo "2421"]
[BlackElo "1918"]
[WhiteFideId "4128206"]
[BlackFideId "1003887"]
[EventDate "2025.06.03"]

1. e4 c5 2. Nf3 d6 3. d4 cxd4 4. Nxd4 Nf6 5. Nc3 a6 6. Be2 e6 7. O-O Be7 8. f4
O-O 9. a4 Nc6 10. Be3 Qc7 11. Kh1 Rb8 12. Qd2 b6 13. Nxc6 Qxc6 14. Bf3 Qc7 15.
Qf2 Bb7 16. Bxb6 Qc4 17. Ba7 Rbc8 18. Rfe1 e5 19. f5 Nd7 20. Be3 Nc5 21. a5 Bxe4
22. Nxe4 Nxe4 23. Bxe4 Qxe4 24. Bg5 Qb7 25. f6 Bxf6 26. Bxf6 gxf6 27. Qxf6 Rxc2
28. Rg1 Qd5 29. Ra3 1-0

[Event "Titled Tue 3rd Jun Early"]
[Site "chess.com INT"]
[Date "2025.06.03"]
[Round "7"]
[White "Gonzalez Vega, Alejandro"]
[Black "Elier, Ali"]
[Result "0-1"]
[WhiteTitle "FM"]
[BlackTitle "CM"]
[WhiteElo "2092"]
[BlackElo "2142"]
[WhiteFideId "3510042"]
[BlackFideId "16217543"]
[EventDate "2025.06.03"]

1. d4 Nf6 2. c4 e5 3. Nc3 exd4 4. Qxd4 Nc6 5. Qd1 Bb4 6. Bd2 O-O 7. a3 Bc5 8. e3
d5 9. cxd5 Nxd5 10. Nf3 Bg4 11. Be2 Nb6 12. Rc1 Qe7 13. b4 Bd6 14. h3 Bh5 15.
Qc2 Bg6 16. Qb3 a5 17. b5 a4 18. Qa2 Na5 19. Nd4 Bxa3 20. Ra1 Bb4 21. O-O c5 22.
bxc6 bxc6 23. Rfc1 c5 24. Ndb5 Nb3 25. Be1 Qe5 26. Bc4 Nxa1 27. Qxa1 a3 28. Ba2
Bxc3 29. Bxc3 Qg5 30. f4 Qg3 31. Bxg7 Be4 0-1

[Event "Titled Tue 3rd Jun Early"]
[Site "chess.com INT"]
[Date "2025.06.03"]
[Round "7"]
[White "Gadzhiev, Ruslan"]
[Black "Oparin, Grigoriy"]
[Result "1-0"]
[WhiteTitle "CM"]
[BlackTitle "GM"]
[WhiteElo "2169"]
[BlackElo "2660"]
[WhiteFideId "55671926"]
[BlackFideId "24125890"]
[EventDate "2025.06.03"]

1. e4 c5 2. Nf3 e6 3. d4 cxd4 4. Nxd4 Nc6 5. Nc3 Bc5 6. Be3 Qb6 7. Na4 Qa5+ 8.
c3 Bxd4 9. Bxd4 Nxd4 10. Qxd4 e5 11. Qb4 Qxb4 12. cxb4 Nf6 13. Nc3 d6 14. Bb5+
Ke7 15. f3 Be6 16. g4 Rhc8 17. Kf2 a5 18. bxa5 Rxa5 19. a4 d5 20. g5 Nh5 21.
exd5 Bf5 22. d6+ Kxd6 23. Rad1+ Ke7 24. Rhe1 f6 25. Nd5+ Kf7 26. b4 Raa8 27. Nb6
Rc2+ 28. Re2 Rxe2+ 29. Bxe2 Rf8 30. gxf6 Kxf6 31. a5 Nf4 32. Bf1 Kg5 33. Ke3 Rf7
34. b5 Rc7 35. Kd2 Rc2+ 36. Ke1 Ra2 37. a6 bxa6 38. bxa6 Ne6 39. Bc4 Ra3 40. Rd2
Nc5 41. Rg2+ Kf4 42. Nd5+ Kxf3 43. Rg3+ Ke4 44. Rxa3 Kd4 45. a7 1-0

[Event "Titled Tue 3rd Jun Early"]
[Site "chess.com INT"]
[Date "2025.06.03"]
[Round "7"]
[White "Ramu, K."]
[Black "Purtseladze, Maka"]
[Result "0-1"]
[WhiteTitle "FM"]
[BlackTitle "IM"]
[WhiteElo "2151"]
[BlackElo "2261"]
[WhiteFideId "5006171"]
[BlackFideId "13602659"]
[EventDate "2025.06.03"]

1. e4 e6 2. d3 d5 3. Nd2 c5 4. Ngf3 Nc6 5. g3 Nf6 6. Bg2 Be7 7. O-O b6 8. Re1
Bb7 9. c3 Qc7 10. a3 h6 11. b4 cxb4 12. cxb4 O-O 13. e5 Nd7 14. d4 Rfc8 15. Bf1
Nf8 16. Bd3 b5 17. Bxb5 a5 18. bxa5 Nxa5 19. Bd3 Ba6 20. Bxa6 Rxa6 21. Nf1 Qc2
22. Be3 Nb3 23. Qxc2 Rxc2 24. Rab1 Rxa3 25. Red1 Na5 26. Rb8 Nc4 27. Rdb1 Raa2
28. Ne1 Re2 29. Re8 Nxe3 30. fxe3 Bg5 31. Rbb8 Rxe1 32. Rxf8+ Kh7 33. h4 Bxe3+
34. Kh1 Rxf1# 0-1

[Event "Titled Tue 3rd Jun Early"]
[Site "chess.com INT"]
[Date "2025.06.03"]
[Round "7"]
[White "Vingris, Mikelis"]
[Black "Harriott, Tyrell"]
[Result "1-0"]
[WhiteElo "2102"]
[BlackElo "1924"]
[WhiteFideId "11611731"]
[BlackFideId "2086484"]
[EventDate "2025.06.03"]

1. e4 d6 2. d4 Nf6 3. Nc3 Nbd7 4. Be3 c6 5. f3 Qa5 6. Qd2 e5 7. Nge2 Be7 8.
O-O-O b5 9. a3 b4 10. Na2 c5 11. dxc5 dxc5 12. Kb1 Qa4 13. axb4 cxb4 14. Nac1
Qc6 15. Ng3 g6 16. Qd3 a5 17. Qc4 Bb7 18. Qxc6 Bxc6 19. Bc4 O-O 20. h4 Rfc8 21.
b3 a4 22. h5 Rab8 23. hxg6 hxg6 24. Rh6 Kg7 25. Rdh1 Nb6 26. Bd3 Nbd7 27. R1h3
Nc5 28. Bc4 Bd7 29. Nf5+ gxf5 30. Rg3+ Kf8 31. Rh8+ Ng8 32. Rhxg8# 1-0

[Event "Titled Tue 3rd Jun Early"]
[Site "chess.com INT"]
[Date "2025.06.03"]
[Round "7"]
[White "Cuellar Montes, Alejandro"]
[Black "Kshatriya, Nitin Vekhande"]
[Result "1-0"]
[WhiteTitle "CM"]
[BlackTitle "FM"]
[WhiteElo "2173"]
[BlackElo "2255"]
[WhiteFideId "32096836"]
[BlackFideId "45075530"]
[EventDate "2025.06.03"]

1. d4 Nf6 2. c4 e6 3. Nc3 Bb4 4. e3 O-O 5. Bd3 c5 6. Ne2 d5 7. O-O Nc6 8. a3
Bxc3 9. bxc3 dxc4 10. Bxc4 b6 11. a4 Na5 12. Bd3 c4 13. Bc2 Bb7 14. f3 Re8 15.
e4 h6 16. Be3 Rc8 17. Kh1 Qe7 18. Ng3 Red8 19. Qe2 Qc7 20. Rab1 e5 21. dxe5 Qxe5
22. Bd4 Rxd4 23. cxd4 Qxd4 24. Nf5 Qc5 25. Rb5 Qf8 26. Rd1 Bc6 27. Rbb1 g6 28.
Nd6 Rd8 29. Nxc4 Rxd1+ 30. Rxd1 Qc5 31. Nxa5 Qxa5 32. Qc4 Be8 33. Bb3 Qe5 34.
Qd4 Qf4 35. e5 Qxd4 36. Rxd4 Nh7 37. a5 bxa5 38. Rd8 Kf8 39. Ba4 Ng5 40. Rxe8+
Kg7 41. Ra8 Ne6 42. Rxa7 Nc5 43. Rxa5 Nd3 44. Bb3 g5 45. Rd5 Nf4 46. Rd7 h5 47.
Rxf7+ Kh6 48. e6 h4 49. Rxf4 gxf4 50. e7 h3 51. e8=Q Kg5 52. Qe5+ Kg6 53. Bc2+
Kh6 54. Qxf4+ Kg7 55. gxh3 Kg8 56. h4 Kg7 57. h5 Kh8 58. Qh6+ Kg8 59. Bb3# 1-0

[Event "Titled Tue 3rd Jun Early"]
[Site "chess.com INT"]
[Date "2025.06.03"]
[Round "7"]
[White "Teterev, Vitaly"]
[Black "Tica, Sven"]
[Result "0-1"]
[WhiteTitle "GM"]
[BlackTitle "IM"]
[WhiteElo "2258"]
[BlackElo "2429"]
[WhiteFideId "13501429"]
[BlackFideId "14526948"]
[EventDate "2025.06.03"]

1. e4 c5 2. Nf3 e6 3. g3 Nc6 4. Bg2 Nf6 5. d3 d5 6. Qe2 Be7 7. e5 Nd7 8. c4 O-O
9. h4 b5 10. cxd5 exd5 11. Nc3 Nb6 12. Nxb5 Ba6 13. Nc3 Nb4 14. O-O Bxd3 15. Qd1
d4 16. Ne2 Be4 17. a3 Nc2 18. Ra2 Qd5 19. b3 Bxf3 20. Bxf3 Qxf3 21. Nf4 Qxd1 22.
Rxd1 d3 23. Rxd3 Nd4 24. b4 Ne6 25. Ne2 cxb4 26. axb4 Bxb4 27. f4 Rfd8 28. Rf3
Rd1+ 29. Kg2 a5 30. Be3 Nc4 31. Bf2 Rd2 32. Rxd2 Nxd2 33. Rd3 a4 34. Nc1 Ne4 35.
Be3 Bc5 36. f5 Bxe3 37. Rxe3 N6c5 38. Na2 a3 39. Kf3 g6 40. g4 Nd2+ 41. Kf4 h6
42. e6 Ra4+ 43. Kg3 Nf1+ 0-1

[Event "Titled Tue 3rd Jun Early"]
[Site "chess.com INT"]
[Date "2025.06.03"]
[Round "7"]
[White "Cahaya, Satria Duta"]
[Black "Gales, Randi-Ioan"]
[Result "1-0"]
[WhiteTitle "FM"]
[BlackTitle "CM"]
[WhiteElo "2416"]
[BlackElo "2290"]
[WhiteFideId "7124252"]
[BlackFideId "1285360"]
[EventDate "2025.06.03"]

1. e4 c5 2. Nf3 Nc6 3. Bb5 g5 4. Nxg5 Nf6 5. d3 Nd4 6. Ba4 b5 7. Bb3 d5 8. exd5
Rg8 9. Nc3 a5 10. a4 Nxb3 11. cxb3 b4 12. Nce4 Qxd5 13. Qf3 Bb7 14. Qxf6 exf6
15. Nxf6+ Kd8 16. Nxd5 Bxd5 17. Be3 Kc7 18. Rc1 Kb6 19. Ne4 Bxe4 20. dxe4 Re8
21. Rc4 Rxg2 22. Ke2 Bd6 23. Rd1 Re6 24. h4 Be7 25. Rd5 Rc6 26. h5 Rg1 27. Rd7
Re6 28. Rxe7 Rxe7 29. Bxc5+ Kc6 30. Bxe7+ Kd7 31. Bf6 Ke6 32. Bd4 Rg5 33. Rc6+
Kd7 34. Rc5 Rg4 35. Kf3 Rh4 36. Rxa5 Rh3+ 37. Ke2 Rxb3 38. Ra7+ Ke6 39. a5 Rh3
40. a6 Rxh5 41. Ra8 Ra5 42. a7 Kd7 43. Rb8 Rxa7 44. Bxa7 Ke6 1-0

[Event "Titled Tue 3rd Jun Early"]
[Site "chess.com INT"]
[Date "2025.06.03"]
[Round "7"]
[White "Petrus, Adrian"]
[Black "Demin, Vladimir"]
[Result "0-1"]
[WhiteTitle "CM"]
[BlackTitle "IM"]
[WhiteElo "2203"]
[BlackElo "2430"]
[WhiteFideId "14573652"]
[BlackFideId "4167457"]
[EventDate "2025.06.03"]

1. e4 e5 2. Nf3 Nc6 3. d4 exd4 4. Nxd4 Nf6 5. Nxc6 bxc6 6. Bd3 d5 7. exd5 cxd5
8. O-O Be7 9. b3 O-O 10. h3 c6 11. Bb2 h6 12. Nd2 Nd7 13. Qh5 Bf6 14. Bxf6 Qxf6
15. Qf5 Qxf5 16. Bxf5 g6 17. Bxd7 Bxd7 18. Rfe1 Rfe8 19. a3 a5 20. b4 axb4 21.
axb4 Kg7 22. Nb3 Kf6 23. Rxe8 Rxa1+ 24. Nxa1 Bxe8 25. Kf1 Ke5 26. Nb3 d4 27. Ke2
Bd7 28. g4 h5 29. f3 Be6 30. Nd2 Kf4 31. Kf2 Bd5 32. gxh5 gxh5 33. h4 f6 34. Nf1
Bxf3 35. Ng3 Bg4 36. Nf1 Bd1 37. Ng3 f5 38. Nf1 Kg4 39. Ng3 Bxc2 40. Nf1 Be4 41.
Nd2 Kxh4 42. Nb3 d3 43. Nd2 Kg4 44. Ke3 h4 45. Nf1 h3 46. Nh2+ Kg3 47. Nf1+ Kg2
48. Nd2 h2 49. Nxe4 fxe4 50. Kxe4 h1=Q 51. Kxd3 Qc1 52. Kd4 Kf3 0-1

[Event "Titled Tue 3rd Jun Early"]
[Site "chess.com INT"]
[Date "2025.06.03"]
[Round "7"]
[White "Carlsson, Ludvig"]
[Black "Klepek, Witold"]
[Result "0-1"]
[WhiteTitle "IM"]
[BlackTitle "CM"]
[WhiteElo "2374"]
[BlackElo "2253"]
[WhiteFideId "1727010"]
[BlackFideId "1175068"]
[EventDate "2025.06.03"]

1. e4 c5 2. Nf3 e6 3. d4 cxd4 4. Nxd4 Nf6 5. Nc3 Nc6 6. Qd3 Bb4 7. a3 Bxc3+ 8.
Qxc3 Nxe4 9. Nxc6 bxc6 10. Qxg7 Qf6 11. Qxf6 Nxf6 12. Bf4 Nd5 13. Bd6 Bb7 14. c4
Ne7 15. O-O-O c5 16. Bxc5 Rg8 17. f3 Nf5 18. Kb1 a5 19. Rd2 Rc8 20. Bf2 d5 21.
cxd5 Bxd5 22. Rg1 Nd6 23. Bd3 h5 24. Rc2 Rxc2 25. Kxc2 Kd7 26. Bg3 a4 27. Be5
Bxf3 28. g3 Be4 29. Bxd6 Bxd3+ 30. Kxd3 Kxd6 31. Rf1 f5 32. Rf4 Rg4 33. b3 axb3
34. Kc3 Rxf4 35. gxf4 e5 36. fxe5+ Kxe5 37. a4 f4 38. a5 Kd6 39. Kxb3 f3 40. Kc3 0-1

[Event "Titled Tue 3rd Jun Early"]
[Site "chess.com INT"]
[Date "2025.06.03"]
[Round "7"]
[White "Nguyen Quang Anh"]
[Black "Drygalov, Sergey"]
[Result "0-1"]
[WhiteTitle "CM"]
[BlackTitle "GM"]
[WhiteElo "2052"]
[BlackElo "2560"]
[WhiteFideId "12432377"]
[BlackFideId "24171743"]
[EventDate "2025.06.03"]

1. d4 Nf6 2. c4 e6 3. Nc3 Bb4 4. f3 c5 5. d5 O-O 6. e4 b5 7. Ne2 bxc4 8. Nf4
exd5 9. Nxd5 Nxd5 10. Qxd5 Nc6 11. Be3 Qa5 12. Qd2 Ba6 13. Be2 Nd4 14. Bxd4 cxd4
15. Qxd4 d5 16. Qxd5 Qb6 17. a3 Bxc3+ 18. bxc3 Rad8 19. Qg5 Qb2 20. Qc1 Qb6 21.
Rb1 Qc5 22. h4 f5 23. Qg5 h6 24. Qg6 Rf6 25. Qg3 Qe3 26. e5 Qxc3+ 27. Kf1 f4 28.
Qf2 Qxe5 29. Qxa7 Re6 30. Qf2 Rd2 31. Re1 Rxe2 32. Rxe2 c3 33. Ke1 Qxe2+ 34.
Qxe2 Rxe2+ 35. Kd1 Ra2 36. Kc1 Ra1+ 37. Kc2 Rxh1 38. Kxc3 Rg1 39. Kb4 Rxg2 40.
Ka5 Be2 41. Kb6 Bxf3 42. Kc5 0-1

[Event "Titled Tue 3rd Jun Early"]
[Site "chess.com INT"]
[Date "2025.06.03"]
[Round "7"]
[White "Rustemov, Alexander"]
[Black "Tahmasebi, Hamidreza"]
[Result "0-1"]
[WhiteTitle "GM"]
[BlackTitle "FM"]
[WhiteElo "2525"]
[BlackElo "2298"]
[WhiteFideId "4119002"]
[BlackFideId "12537527"]
[EventDate "2025.06.03"]

1. d4 Nf6 2. c4 c5 3. d5 b5 4. cxb5 a6 5. e3 axb5 6. Bxb5 Ba6 7. Nc3 Bxb5 8.
Nxb5 Qa5+ 9. Nc3 g6 10. Nf3 Bg7 11. O-O O-O 12. e4 d6 13. h3 Na6 14. Qe2 Rfb8
15. e5 dxe5 16. Nxe5 Nb4 17. Rd1 Rd8 18. Qc4 Nc2 19. Rb1 Nd4 20. Be3 Nxd5 21.
Nxd5 Bxe5 22. Nxe7+ Kg7 23. Bxd4 Rxd4 24. Rxd4 Bxd4 25. Nc6 Qxa2 26. Qxa2 Rxa2
27. Nxd4 cxd4 28. Kf1 Kf6 29. Ke2 Ke5 30. Kd3 Kd5 31. Kc2 Kc4 32. Rc1 Ra7 33.
Kd2+ Kd5 34. Rc8 Rb7 35. Rd8+ Ke4 36. f3+ Ke5 37. Kc2 h5 38. g3 Rb4 39. b3 h4
40. Re8+ Kf5 41. gxh4 Kf4 42. Re7 f5 43. Re6 Kxf3 44. Rxg6 d3+ 45. Kxd3 Rxb3+
46. Kd4 Rb4+ 47. Ke5 f4 48. h5 Rb5+ 49. Kd4 Rxh5 50. Kd3 Rxh3 51. Rg8 Kf2+ 52.
Kd2 f3 53. Rg7 Rh8 54. Rd7 Re8 55. Rd6 Kf1 56. Kd1 f2 57. Kd2 Re5 58. Rd8 Rg5
59. Rf8 Kg2 60. Ke2 Re5+ 0-1

[Event "Titled Tue 3rd Jun Early"]
[Site "chess.com INT"]
[Date "2025.06.03"]
[Round "7"]
[White "Kezin, Roman"]
[Black "Vokhidov, Shamsiddin"]
[Result "0-1"]
[WhiteTitle "IM"]
[BlackTitle "GM"]
[WhiteElo "2471"]
[BlackElo "2641"]
[WhiteFideId "24124621"]
[BlackFideId "14204223"]
[EventDate "2025.06.03"]

1. d4 Nf6 2. c4 e6 3. Nf3 d5 4. g3 Bb4+ 5. Bd2 a5 6. Bg2 O-O 7. O-O dxc4 8. Bg5
h6 9. Bxf6 Qxf6 10. a3 Bd6 11. Nc3 c6 12. Rc1 Qe7 13. Nd2 e5 14. dxe5 Bxe5 15.
Nxc4 Bc7 16. e3 Be6 17. Qe2 Nd7 18. Nd2 Nc5 19. b4 axb4 20. axb4 Na4 21. b5 Nxc3
22. Rxc3 Ba5 23. Rc2 Bf5 24. Ra2 Bb4 25. Rxa8 Rxa8 26. bxc6 bxc6 27. Nb3 Rd8 28.
Rc1 c5 29. h4 Bd3 30. Qg4 Ba3 31. Ra1 Bb2 32. Ra5 c4 33. Nc5 Bb1 34. Rb5 c3 35.
Qc4 c2 36. Rxb2 Rd1+ 37. Kh2 c1=Q 38. Rb8+ Kh7 39. Qb5 0-1

[Event "Titled Tue 3rd Jun Early"]
[Site "chess.com INT"]
[Date "2025.06.03"]
[Round "7"]
[White "Troltenier, Dirk"]
[Black "Bratovic, Blaz"]
[Result "0-1"]
[WhiteTitle "FM"]
[BlackTitle "IM"]
[WhiteElo "2174"]
[BlackElo "2319"]
[WhiteFideId "4606400"]
[BlackFideId "14603551"]
[EventDate "2025.06.03"]

1. e4 c5 2. Nf3 d6 3. Bb5+ Nc6 4. O-O Bd7 5. c3 Nf6 6. Qe2 a6 7. Ba4 b5 8. Bc2
e5 9. Rd1 Be7 10. d4 O-O 11. Nbd2 cxd4 12. cxd4 Bg4 13. dxe5 Nd4 14. Qd3 dxe5
15. h3 Rc8 16. Bb3 Nxb3 17. Nxb3 Qxd3 18. Rxd3 Be6 19. Re3 Rfd8 20. Bd2 Nd7 21.
Ba5 Re8 22. Rd1 f6 23. Red3 Nc5 24. Nxc5 Bxc5 25. b4 Bf8 26. a3 Rc2 27. Nh4 g6
28. Nf3 Kf7 29. Ne1 Rc4 30. f3 h5 31. R3d2 Rec8 32. Rd3 R4c6 33. Kf1 g5 34. Kg1
g4 35. hxg4 hxg4 36. Kh2 Bh6 0-1

[Event "Titled Tue 3rd Jun Early"]
[Site "chess.com INT"]
[Date "2025.06.03"]
[Round "7"]
[White "Goryachkina, Aleksandra"]
[Black "Tleukhanov, Yerlan"]
[Result "1-0"]
[WhiteTitle "GM"]
[BlackTitle "FM"]
[WhiteElo "2544"]
[BlackElo "2169"]
[WhiteFideId "4147103"]
[BlackFideId "13749692"]
[EventDate "2025.06.03"]

1. e4 d6 2. d4 Nf6 3. Nc3 e5 4. Nf3 Nbd7 5. g4 g6 6. Rg1 Bg7 7. Be3 h5 8. gxh5
Nxh5 9. Qd2 c6 10. O-O-O Qe7 11. Kb1 exd4 12. Bxd4 Ne5 13. Be2 Be6 14. Ng5 Bh6
15. f4 Nxf4 16. Qxf4 f6 17. Nxe6 Bxf4 18. Nxf4 Rh6 19. h4 Qf7 20. Bxe5 dxe5 21.
Nxg6 Rd8 22. h5 Qe6 23. Rxd8+ Kxd8 24. Bg4 Qc4 25. Rd1+ Ke8 26. Rd3 Rh7 27. b3
Qc5 28. Kb2 Qg1 29. Be2 Rd7 30. Rxd7 Kxd7 31. Nh4 Qg5 32. Nf5 Ke6 33. h6 Kf7 34.
h7 1-0

[Event "Titled Tue 3rd Jun Early"]
[Site "chess.com INT"]
[Date "2025.06.03"]
[Round "7"]
[White "Fragkos, Vasileios"]
[Black "Genkeswaran, Genivan"]
[Result "0-1"]
[WhiteTitle "CM"]
[BlackTitle "CM"]
[WhiteElo "2176"]
[BlackElo "2197"]
[WhiteFideId "25832646"]
[BlackFideId "5754496"]
[EventDate "2025.06.03"]

1. f4 e5 2. fxe5 d6 3. exd6 Bxd6 4. Nf3 Nf6 5. g3 h5 6. d3 h4 7. Rg1 hxg3 8.
hxg3 Ng4 9. Nc3 Qe7 10. Ne4 Bf5 11. Nxd6+ Qxd6 12. c3 Qb6 13. Qa4+ Nd7 14. Qd4
O-O-O 15. Qxb6 Nxb6 16. e4 Be6 17. Be2 Nf6 18. Bg5 Rde8 19. O-O-O Bg4 20. Rg2
Rh5 21. Bxf6 gxf6 22. Nh4 Bxe2 23. Rxe2 f5 24. Rf1 fxe4 25. Rxf7 Rg5 26. Nf5 e3
27. c4 Nd7 28. d4 Kd8 29. Kc2 c5 30. Nd6 Re6 31. Nxb7+ Ke8 32. Rf3 cxd4 33. Rf4
Rb6 34. Na5 Rd6 35. Re4+ Kf7 36. Kd3 Nc5+ 37. Kc2 Nxe4 38. Kc1 d3 39. Rxe3 d2+
40. Kd1 Nf2+ 41. Ke2 d1=Q+ 42. Kxf2 Rf5+ 43. Kg2 Qf1+ 44. Kh2 Rh5# 0-1